| 000 | 00767 a2200217 4500 | ||
|---|---|---|---|
| 020 | _a0486638332 | ||
| 020 | _a9780486638331 | ||
| 082 | _a516.83 | ||
| 090 |
_c1736 _d1736 |
||
| 100 | 1 | _aBorisenko, A. I. | |
| 245 | 1 | 0 |
_aVector and tensor analysis with applications / _cA. I. Borisenko, I. E. Tarapov, Mathematics, Richard A. Silverman. |
| 260 |
_a[S.l.] : _bDover Publications, _c1979. |
||
| 300 |
_a288 p. ; _c21 cm. |
||
| 490 | 1 | _aDover books on mathematics. | |
| 700 | 1 | _aTarapov, I. E. | |
| 700 | 1 | _aMathematics. | |
| 700 | 1 | _aSilverman, Richard A. | |
| 830 | 0 | _aDover books on mathematics. | |
| 942 |
_aSNS _cBK _k516.83 BOR |
||
| 999 |
_c30343 _d30343 |
||